Memorias [de fray Servando Teresa de Mier] /
Edición en dos volúmenes que reúne varios de los textos autobigráficos del dominico fray Servando Teresa de Mier (1765-1827), quien en 1794 pronunciara un polémico sermón sobre la Virgen de Guadalupe, cuyos antecedentes y consecuencias -entre ellas el destierro del autor- quedan expuestas en la obra...
Gespeichert in:
| 1. Verfasser: | |
|---|---|
| Weitere Verfasser: | |
| Format: | Buch |
| Sprache: | Spanisch |
| Veröffentlicht: |
México :
Porrúa,
1946, c1946
|
| Schriftenreihe: | (Escritores Mexicanos ;
37, 38) |
| Schlagworte: | |
| Tags: |
Keine Tags, Fügen Sie das erste Tag hinzu!
|
MARC
| LEADER | 00000nam^a2200000^a^4500 | ||
|---|---|---|---|
| 001 | 000096425 | ||
| 005 | 20250521000000.0 | ||
| 009 | 20260310092943.286 | ||
| 037 | |a Acervo ITESO - Biblioteca | ||
| 041 | |a ESP | ||
| 082 | |a 972. 03 |b MIE | ||
| 100 | |a Mier, Servando Teresa de, |c Fray |e (autor) | ||
| 245 | 1 | 0 | |a Memorias [de fray Servando Teresa de Mier] / |c S.T. de Mier ; ed. y pról. de A. Castro Leal. |
| 264 | 4 | |a México : |b Porrúa, |c 1946, c1946 | |
| 300 | |a 2 v. | ||
| 336 | |a texto |b txt |2 rdacontenido | ||
| 337 | |a sin mediación |b n |2 rdamedio | ||
| 338 | |a volumen |b nc |2 rdasoporte | ||
| 440 | 1 | |a (Escritores Mexicanos ; |v 37, 38) | |
| 520 | |a Edición en dos volúmenes que reúne varios de los textos autobigráficos del dominico fray Servando Teresa de Mier (1765-1827), quien en 1794 pronunciara un polémico sermón sobre la Virgen de Guadalupe, cuyos antecedentes y consecuencias -entre ellas el destierro del autor- quedan expuestas en la obra "Apología del dotor Mier". A continuación, Mier relata su exilio en España entre 1795 y 1805 y un extracto de su "Manifiesto apologético" da cuenta de sus peripecias en el período de 1805 a 1817, cuando participa en la Guerra de Independencia y es aprehendido nuevamente. Por último, es incluida la parte final de la "Exposición de la persecución que ha padecido desde el 14 de junio de 1817 hasta el presente de 1822 el doctor Servando Teresa de Mier". | ||
| 649 | |a XX | ||
| 650 | |a Dominicos - |x Memorias | ||
| 650 | |a Religiosos Mexicanos - |x Memorias | ||
| 650 | |a Independentistas Mexicanos - |x Memorias | ||
| 650 | |a Revolucionarios Mexicanos - |x Memorias | ||
| 650 | |a Políticos Mexicanos - |x Memorias | ||
| 650 | |a Dominicos en México - |x Historia | ||
| 650 | |a Monasticismo y Ordenes Religiosas - |z México - |x Historia | ||
| 650 | |a Iglesia Católica en México - |x Historia | ||
| 650 | |a Virgen de Guadalupe - |z México - |x Historia | ||
| 650 | |a Política - |z México - |x Historia | ||
| 650 | |a México - |x Historia - |y Guerra de Independencia, 1810-1821 | ||
| 650 | |a México - |x Historia - |y Virreinato, 1535-1821 | ||
| 650 | |a México - |x Historia - |y Epoca Colonial, 1517-1821 | ||
| 650 | |a México - |x Historia - |y Regencia e Imperio, 1821-1823 | ||
| 650 | |a México - |x Historia - |y Siglo XIX | ||
| 600 | |a Mier, Servando Teresa de, |c Fray | ||
| 700 | |a Castro Leal, Antonio |e (edición) | ||
| 910 | |a Fondo Jesús Rodríguez | ||
| 920 | |a Impresos - Libros | ||
| 930 | |a Fondos Especiales | ||
| 905 | |a 113 | ||
| 901 | |a 0500031144 |b IT2 |c ESP |u 20250521 | ||
| 901 | |a 0500032471 |b IT2 |c ESP |u 20250521 | ||
| 902 | |a https://opac.biblio.iteso.mx/vufind/Record/000096425 | ||